Admiralty Solved Examples in Electrical Calculations (Record no. 615216)
[ view plain ]
| 000 -LEADER | |
|---|---|
| fixed length control field | 00290nam a22001217a 4500 |
| 040 ## - CATALOGING SOURCE | |
| Transcribing agency | N/A |
| 082 ## - DEWEY DECIMAL CLASSIFICATION NUMBER | |
| Classification number | 621.3 |
| Author Mark | S5241 A |
| 100 ## - MAIN ENTRY--PERSONAL NAME | |
| Personal name | Sharma, D.K. |
| 9 (RLIN) | 131411 |
| 245 ## - TITLE STATEMENT | |
| Title | Admiralty Solved Examples in Electrical Calculations |
| 260 ## - PUBLICATION, DISTRIBUTION, ETC. | |
| Place of publication, distribution, etc. | N/A |
| Name of publisher, distributor, etc. | N/A |
| Date of publication, distribution, etc. | N/A |
| 300 ## - PHYSICAL DESCRIPTION | |
| Extent | 564p. |
| 942 ## - ADDED ENTRY ELEMENTS (KOHA) | |
| Source of classification or shelving scheme | |
| Koha item type | Book |
| Withdrawn status | Lost status | Source of classification or shelving scheme | Damaged status | Not for loan | Permanent Location | Current Location | Date acquired | Total Checkouts | Full call number | Barcode | Date last seen | Date last checked out | Price effective from | Koha item type |
|---|---|---|---|---|---|---|---|---|---|---|---|---|---|---|
| School of Chemical & Materials Engineering (SCME) | School of Chemical & Materials Engineering (SCME) | 10/22/2025 | 1 | 621.3 S5241 A | SCME-D327 | 10/29/2025 | 10/29/2025 | 10/22/2025 | Book |
